00432nam a22001457a 450000500170000002000180001704100120003508200160004710000240006324501490008725000070023626000240024330000080026736500110027520260616133711.0 a9788199353589 aEnglish aT16 R25 STE aStephen Jeyaseela S aThamizhagath Thottakalai Mattrum Vezhaanmaiyil Ayroppiya Kaalaniya Aathikkamum Malai Payirgal Mattrum Kaattu Thaavarangalil Thaakkamum 1620-1857 a01 aChennaibNCBHc2025 a352 b290.00